Bezpečnostná dimenzia medzinárodných vzťahov po skončení studenej vojny

Vybrané aspekty otázok teoretickej reflexie meniaceho sa charakteru bezpečnostnej dimenzie medzinárodných vzťahov na prelome tisícročí. Súčasné chápanie bezpečnosti, terminológia, ktorá sa pri tom používa a vymedzovanie hlavných problémov bezpečnosti. Prierezový charakter bezpečnosti v teórii medzin...

Description complète

Enregistré dans:
Détails bibliographiques
Auteur principal: Škvrnda, František
Format: Chapitre de livre
Langue:slovaque
Sujets:
Tags: Ajouter un tag
Pas de tags, Soyez le premier à ajouter un tag!

MARC

LEADER 00000naa a2200000 4500
001 r048997
005 20240502071343.8
041 0 |a slo 
044 |a SK 
245 1 0 |a Bezpečnostná dimenzia medzinárodných vzťahov po skončení studenej vojny  |c František Škvrnda 
520 |a Vybrané aspekty otázok teoretickej reflexie meniaceho sa charakteru bezpečnostnej dimenzie medzinárodných vzťahov na prelome tisícročí. Súčasné chápanie bezpečnosti, terminológia, ktorá sa pri tom používa a vymedzovanie hlavných problémov bezpečnosti. Prierezový charakter bezpečnosti v teórii medzinárodných vzťahov. 
610 2 0 |a politika bezpečnostná 
610 2 0 |a vzťahy politické medzinárodné 
610 2 0 |a bezpečnosť 
610 2 0 |a systémy politické 
610 2 0 |a systémy sociálno-ekonomické 
610 2 0 |a organizácie medzinárodné 
100 1 |a Škvrnda, František